000
00294nam a2200121Ia 4500
008
190216s9999||||xx |||||||||||||| ||und||
100
_a
Gokhale B K
245
0
_a
History Of Modern World
260
_b
Himalaya Publishing House
_c
1982
300
_a
543p
650
_a
World History
942
_c
BK
999
_c
19715
_d
19715